| 000 | 00965pam a2200265 a 4500 | ||
|---|---|---|---|
| 001 | 3997419 | ||
| 003 | BD-DhUL | ||
| 005 | 20160724192153.0 | ||
| 008 | 960410s1996 enkab b 001 0 eng | ||
| 010 | _a 96015120 | ||
| 020 | _a0719042674 | ||
| 040 |
_aDLC _cBD-DhUL _dBD-DhUL |
||
| 043 | _ae-uk--- | ||
| 082 | 0 | 0 |
_a941.07 _220 _bBLI |
| 100 | 1 |
_aBlack, Jeremy _d1955- |
|
| 245 | 1 | 3 |
_aAn illustrated history of eighteenth-century Britain, 1688-1793 / _cJeremy Black. |
| 260 |
_aNew York : _bManchester University Press : _c1996. |
||
| 300 |
_axv, 244 p. : _bill. (some col.), maps (some col.) ; _c29 cm. |
||
| 365 |
_aUS$ _b28.95 |
||
| 504 | _aIncludes bibliographical references and index. | ||
| 651 | 0 |
_aGreat Britain _xHistory _y18th century _xPictorial works. |
|
| 906 |
_a7 _bcbc _corignew _d1 _eocip _f19 _gy-gencatlg |
||
| 942 |
_2ddc _cBK |
||
| 955 | _apc18 to la00 04-10-96; lh38 (lh03) to subj. 4-11-96; lh06 04-15-96; lh09 04-16-96; CIP ver. pb21 04-17-97 | ||
| 999 |
_c86418 _d86418 |
||